Countries of Africa in Alphabetical Order - Statistics

General Stats
  • This quiz has been taken 189 times
    171 since last reset
  • The average score is 47 of 54
Answer Stats
Hint Answer % Correct
A Angola
100%
A Algeria
97%
B Burundi
96%
B Benin
95%
B Botswana
94%
B Burkina Faso
94%
R Rwanda
93%
C Cameroon
92%
C Chad
92%
K Kenya
92%
L Lesotho
92%
C Cape Verde
91%
Z Zambia
91%
D Djibouti
90%
M Mali
90%
U Uganda
90%
Z Zimbabwe
90%
E Egypt
89%
G Gabon
89%
G Guinea
89%
L Liberia
89%
N Nigeria
89%
E Eritrea
88%
E Ethiopia
88%
G Guinea-Bissau
88%
L Libya
88%
N Niger
88%
M Mauritania
87%
N Namibia
87%
C Comoros
86%
T Tanzania
86%
T Togo
86%
G Ghana
85%
M Mauritius
85%
C Congo (D.R.)
84%
E Equatorial Guinea
84%
G Gambia
84%
M Malawi
84%
M Morocco
84%
S South Sudan
84%
S Sudan
84%
C Central African Republic
81%
C Congo (Rep.)
81%
M Madagascar
81%
S São Tomé and Príncipe
81%
S Senegal
81%
S Swaziland
80%
M Mozambique
79%
S Seychelles
75%
S Sierra Leone
75%
S Somalia
75%
S South Africa
75%
T Tunisia
75%
C Cote d'Ivoire
69%
No matching quizzes found
Score Distribution
Percent of People with Each Score
Percentile by Number Answered
Your Score History
You have not taken this quiz since the last reset